1662 1425 1920 1889 1991 1150 1483 1911 1606 1198 1319 1946 1190 1538 1147 1390 1699 1515 1903 1445 1756 1764 1172 1203 1136 1505 1871 1428 1528 1705 1270 1485 1910 1587 1404 1705 1628 1399 1143 1579 1004 1736 1534 1936 1130 1739 1736 1370 1224 1457 1989 1790 1631 1417 1792 1054 1080 1671 1955 1678 1248 1486 1640 1629 1812 1493 1247 1417 1471 1652 1832 1058 1496 1527 1337 1536 1620 1569 1877 1124 1282 1489 1901 1407 1741 1634 1765 1484 1422 1712 1214 1344 1269 1094 1109 1835 1837 1921 1230 BCNSPRNW ULIB Ver.6.0+V

เปลี่ยนเป็นภาษาไทย

Change to English
 แสดงรายละเอียดบรรณานุกรม
  กลับหน้าหลัก

Brief Record : Get Marc (ISO 2709) : E-mail record : QR code < ปิดหน้าต่าง
LEADER : 00000nam 2200000uu 4500
001    13399126595
003     ULIB
008    020711s2561 th a 000 0 tha d
020    ^a9786163882462
050    ^aJF355.42^bอ133ม
100    ^aอดุลย์ รัตนมั่นเกษม
245    ^aมหายุทธการพิชิตศึก : บทเรียนสำหรับนักบริหาร/^cอดุลย์ รัตนมั่นเกษม
250    ^aพิมพ์ครั้งที่ 2
260    ^aกรุงเทพฯ :^bแสงดาว,^c2561
300    ^a272 หน้า;^b21 ซม.
650    ^aพิชัยสงคราม
650    ^aยุทธศาสตร์
650    ^aการบริหาร
945    ^p240^l0^i004790
999    ^aประนอม เกษจรัล
รายการนี้ยังไม่มีแท็ก
คุณยังไม่ได้ล็อกอิน คุณสามารถมีกิจกรรมร่วมกับเว็บไซต์ได้ แต่ต้องล็อกอินก่อน ::
  ล็อกอิน

รายการสื่อสารสนเทศ

ลำดับที่ ประเภท เลขเรียก/บาร์โค้ด สถานที่ สถานะ
1. การศึกษาทั่วไป
การศึกษาทั่วไป
JF355.42 อ133ม ฉ.1 
  Barcode: 004790
ห้องสมุดวิทยาเขตสวรรค์ประชารักษ์
►หนังสือทั่วไป
บนชั้น

รายการใกล้เคียง
    ผู้แต่ง [อดุลย์ รัตนมั่นเกษม]

    หัวเรื่อง [พิชัยสงคราม]
    หัวเรื่อง [ยุทธศาสตร์]
    หัวเรื่อง [การบริหาร]

BibComment


ยังไม่เคยถูกคอมเมนท์

คอมเมนท์ทรัพยากรรายการนี้
  คอมเมนท์: มหายุทธการพิชิตศ..


 Copyright 2026. Bcnsprnw @Library